000 00599nam a2200181 4500
001 148259
003 ES-MaACL
005 20230906202525.0
007 t|
008 070214s1972 sp r ||||1| spa d
100 1 _aStone, Irving.
_9108306
245 1 4 _aLas pasiones de la mente
_b: biografía novelada de Sigmund Freud /
_cIrving Stone ; [traducción de Alberto Luis Bixió].
250 _a[1ª ed.].
260 _a[Esplugas de Llobregat] :
_bPlaza & Janés,
_c[1972] (
_fGuada)
300 _a799 p. ;
_c22 cm.
700 1 _aBixio, Alberto Luis.
_929037
852 _aES-MaACL
_jC-45115
_bR.83915
999 _c148259
_d148259